000 00822cab a2200253 4500
001 WB3205-13
008 090401t1996 xxu||||| |||| 00| 0 eng d
035 _a(Sirsi) u14059
041 _aeng
245 _aLondon office exodus slows
260 _c1996
350 _a0
490 _aDaily Telegraph
_v29 January 1996, 27
490 _aProperty Week
_v54(5) 1 February 1996, 12(2)
520 _aJones Lang Wootton`s "Decentralisation of Offices from Central London" indicates that office job moves from central London during 1995 were at the lowest recorded level since the early 1980s.
650 _aCENTRAL LONDON
650 _aDECENTRALISATION
650 _aJONES LANG WOOTTON
650 _aOFFICES
650 _aRELOCATION
690 _aPROPERTY-COMMERCIAL PROPERTY
942 _n0
948 _c04/03/1997
999 _c9112
_d9112